|
|
|
|
| LEADER |
01433nam a22003494a 4500 |
| 001 |
32577 |
| 003 |
BD-DhAAL |
| 005 |
20211116112408.0 |
| 008 |
180111t2001 ctuaf bi 001 0 eng |
| 999 |
|
|
|c 38303
|d 38303
|
| 010 |
|
|
|a 00043677
|
| 020 |
|
|
|a 0300077866 (alk. paper)
|
| 040 |
|
|
|a DLC
|c DLC
|d DLC
|d BD-DhAAL
|
| 042 |
|
|
|a pcc
|
| 043 |
|
|
|a n-us---
|
| 050 |
0 |
0 |
|a NA737.K32
|b G65 2001
|
| 082 |
0 |
0 |
|a 720.92
|2 21
|
| 100 |
1 |
|
|a Goldhagen, Sarah Williams.
|9 24776
|
| 245 |
1 |
0 |
|a Louis Kahn's situated modernism /
|c Sarah Williams Goldhagen.
|
| 260 |
|
|
|a New Haven, CT :
|b Yale University Press,
|c c2001.
|
| 300 |
|
|
|a 277 pages, [16] pages of plates :
|b illustrations (some color) ;
|c 27 cm.
|
| 504 |
|
|
|a Includes bibliographical references (p. [216]-266) and index.
|
| 526 |
|
|
|a AAL
|
| 541 |
|
|
|a Development Book Agency
|e 32577
|
| 600 |
1 |
0 |
|a Kahn, Louis I.,
|d 1901-1974
|x Criticism and interpretation.
|9 24777
|
| 600 |
1 |
0 |
|a Kahn, Louis I.,
|d 1901-1974
|x Political and social views.
|9 24778
|
| 650 |
|
0 |
|a Architecture
|z United States
|x History
|y 20th century.
|9 24779
|
| 650 |
|
0 |
|a Architecture.
|9 42698
|
| 700 |
1 |
|
|a Kahn, Louis I.,
|d 1901-1974.
|9 24780
|
| 852 |
|
|
|a Ayesha Abed Library
|c General Stacks
|
| 942 |
|
|
|2 ddc
|c BK
|
| 952 |
|
|
|0 0
|1 0
|2 ddc
|4 0
|6 720_920000000000000_GOL
|7 0
|9 62574
|a BRACUL
|b BRACUL
|c GEN
|d 2018-01-10
|e Development Book Agency
|g 15500.00
|l 11
|m 92
|o 720.92 GOL
|p 3010032577
|r 2026-04-04
|s 2025-07-20
|t 1
|v 15500.00
|w 2018-01-10
|y BK
|